000 00836nam a2200253 a 4500
001 66198
003 BD-RjUL
005 20211209081518.0
008 170314s1990 nyu bd 001 0 eng d
020 _a0816018960 :
_c$22.95
035 _a(BD-RjUL) 66328
040 _aBD-RjUL
_cBD-RjUL
_beng
_dBD-RjUL
041 _aeng
082 0 0 _a423.103
_223
_bNEK 1990
100 1 _aNeaman, Judith S.
_9195899
245 1 0 _aKind words :
_ba thesaurus of euphemisms /
_cJudith S. Neaman and Carole G. Silver.
250 _aExpanded & rev. ed.
260 _aNew York :
_bFacts on File,
_cc1990.
300 _axii, 373 p. ;
_c24 cm.
504 _aIncludes bibliographical references (p. 361-371) and index.
650 0 _aEnglish language
_xEuphemism
_xDictionaries.
_9195900
700 1 _aSilver, Carole G. , Jt. auth.
_9195901
942 _2ddc
_cREF
999 _c66198
_d66198